000 00253nam a22001097a 4500
008 170124b xxu||||| |||| 00| 0 eng d
020 _a2900138024610
041 _aeng
080 _a618.2
245 _aFUNDAMENTALS OF NURSING
_cBERMAN, A
942 _2udc
_cBK
999 _c3484
_d3484